<?xml version="1.0" encoding="UTF-8"?><?xml-stylesheet type="text/xsl" href="static/style.xsl"?><OAI-PMH xmlns="http://www.openarchives.org/OAI/2.0/" xmlns:xsi="http://www.w3.org/2001/XMLSchema-instance" xsi:schemaLocation="http://www.openarchives.org/OAI/2.0/ http://www.openarchives.org/OAI/2.0/OAI-PMH.xsd"><responseDate>2026-04-30T05:10:07Z</responseDate><request verb="GetRecord" identifier="oai:uvadoc.uva.es:10324/8091" metadataPrefix="marc">https://uvadoc.uva.es/oai/request</request><GetRecord><record><header><identifier>oai:uvadoc.uva.es:10324/8091</identifier><datestamp>2021-06-29T10:26:41Z</datestamp><setSpec>com_10324_38</setSpec><setSpec>col_10324_852</setSpec></header><metadata><record xmlns="http://www.loc.gov/MARC21/slim" xmlns:doc="http://www.lyncode.com/xoai" xmlns:xsi="http://www.w3.org/2001/XMLSchema-instance" xmlns:dcterms="http://purl.org/dc/terms/" xsi:schemaLocation="http://www.loc.gov/MARC21/slim http://www.loc.gov/standards/marcxml/schema/MARC21slim.xsd">
<leader>00925njm 22002777a 4500</leader>
<datafield tag="042" ind1=" " ind2=" ">
<subfield code="a">dc</subfield>
</datafield>
<datafield tag="720" ind1=" " ind2=" ">
<subfield code="a">Santos Tudela, Raúl</subfield>
<subfield code="e">author</subfield>
</datafield>
<datafield tag="260" ind1=" " ind2=" ">
<subfield code="c">2015</subfield>
</datafield>
<datafield tag="520" ind1=" " ind2=" ">
<subfield code="a">Se pretende realizar un análisis de la obra Retablillo de Don Cristobal y poder llevarlo a la práctica dentro del entorno escolar. Para ello primero hemos de centrar dicha obra realizado una biografía de García Lorca, hablando de sus obras teatrales menores, de la frasa, del mundo de los títeres y compararemos el teatro de marionetas con el teatro ordinario. Por último analizaremos la obra en profundidad y diseñaremos una unidad didáctica de ella para poder aplicarla en las aulas</subfield>
</datafield>
<datafield tag="024" ind2=" " ind1="8">
<subfield code="a">http://uvadoc.uva.es/handle/10324/8091</subfield>
</datafield>
<datafield ind1=" " ind2=" " tag="653">
<subfield code="a">Didáctica de la literatura</subfield>
</datafield>
<datafield ind1=" " ind2=" " tag="653">
<subfield code="a">Educación primaria</subfield>
</datafield>
<datafield tag="245" ind1="0" ind2="0">
<subfield code="a">Teoría y práctica del teatro: farsa para guiñol: Retablillo de Don Cristobal</subfield>
</datafield>
</record></metadata></record></GetRecord></OAI-PMH>